| 000 | 00420nam a2200169Ia 4500 | ||
|---|---|---|---|
| 008 | 230711s9999||||xx |||||||||||||| ||und|| | ||
| 020 | _a978-0-679-74195-4 | ||
| 041 | _aENG | ||
| 082 |
_a711.40973 _bJA-T |
||
| 100 | _aJacobs,Jane | ||
| 245 | 4 | _aThe Death and Life of Great American Cities | |
| 250 | _a1st Ed. | ||
| 260 |
_c1961 _aNew York _bVintage Books |
||
| 300 | _a458p. | ||
| 650 | _aArchitecture | ||
| 942 | _cBK | ||
| 999 |
_c6466 _d6466 |
||